[Event "Novosibirsk April op"]
[Site "Novosibirsk"]
[Date "2008.04.09"]
[Round "5"]
[White "Reshetnikova, Marina"]
[Black "Krasnov, Yury A"]
[Result "0-1"]
[WhiteElo "1651"]
[BlackElo "2146"]
[PlyCount "116"]
[EventDate "2008.04.05"]
[EventType "swiss"]
[EventRounds "9"]
[EventCountry "RUS"]
[SourceTitle "EXT 2010"]
[Source "ChessBase"]
[SourceDate "2010.11.25"]
[SourceVersion "1"]
[SourceVersionDate "2010.11.25"]
[SourceQuality "1"]

1. d4 c6 2. c4 Nf6 3. Nc3 d5 4. e3 g6 5. Nf3 Bg7 6. Bd3 0-0 7. 0-0 Bf5 8. c5 Bxd3 9. Qxd3 Nbd7 10. e4 dxe4 11. Nxe4 Nxe4 12. Qxe4 Nf6 13. Qe2 Qc7 14. Re1 Nd5 15. Bg5 Rad8 16. Rad1 h6 17. Bh4 Rfe8 18. Bg3 Qc8 19. Be5 Qg4 20. h3 Qh5 21. Bxg7 Kxg7 22. Qe5+ Qxe5 23. Nxe5 f6 24. Nc4 Kf7 25. Ne3 Nxe3 26. fxe3 e5 27. Kf2 exd4 28. exd4 Rxe1 29. Kxe1 Ke6 30. Ke2 Kd5 31. Rf1 f5 32. Kd3 Re8 33. g4 fxg4 34. Rf6 Re6 35. Rf7 Re1 36. Rd7+ Ke6 37. Rd6+ Kf7 38. hxg4 Re6 39. Rd7+ Re7 40. Rd6 Kg7 41. d5 cxd5 42. Rxd5 Kf6 43. b4 Re5 44. Rd4 h5 45. gxh5 gxh5 46. a4 Ke7 47. Kc4 a6 48. b5 axb5+ 49. Kxb5 Re6 50. a5 Rh6 51. Rd3 h4 52. Rh3 Kd7 53. Rd3+ Kc7 54. Rh3 Rh5 55. a6 bxa6+ 56. Kxa6 Kc6 57. Rb3 Rxc5 58. Rb6+ Kd5 0-1